Statistics for Which Country has more People?

Click here to take the quiz!

General Stats

  • This quiz has been taken 55 times
  • The average score is 8 of 15

Answer Stats

QuestionAnswer% Correct
What has more people?Bangladesh
92%
What has more people?Slovakia
87%
What has more people?Guatemala
71%
What has more people?St Vincent and the Grenadines
66%
What has more people?Ethiopia
63%
What has more people?Tonga
58%
What has more people?Iran
55%
Which country has the highest population?Tanzania
55%
What has more people?Canada
47%
What has more people?Niger
42%
What has more people?Uganda
42%
What has more people?Egypt
34%
What has more people?Germany
34%
What has more people?Nigeria
34%
What has more people?Uzbekistan
32%

Score Distribution

Percentile by Number Answered

Percent of People with Each Score

Your Score History

You have not taken this quiz